Los hijos de la luz

Zapisane w:
Opis bibliograficzny
1. autor: Peyrefitte, Roger
Format: Książka
Język:Undetermined
Wydane: Buenos Aires, Argentina Sudamericana 1962
Hasła przedmiotowe:
Etykiety: Dodaj etykietę
Nie ma etykietki, Dołącz pierwszą etykiete!

MARC

LEADER 00000nam a2200000Ia 4500
008 170316s9999 xx 000 0 und d
040 |a cru BVZT 
090 |a 840 P-11h 
100 |a Peyrefitte, Roger 
245 |a Los hijos de la luz 
260 |a Buenos Aires, Argentina  |b Sudamericana  |c 1962 
300 |a 434 páginas 
650 |a LITERATURA FRANCESA 
999 |c 7875  |d 7875 
942 |c 15 D  |h 840 P-11h  |2 z